| 000 | 01137cam a22003614a 4500 | ||
|---|---|---|---|
| 001 | 15449998 | ||
| 003 | ost | ||
| 005 | 20140310184335.0 | ||
| 008 | 080915s2009 nyua b 001 0 eng | ||
| 010 | _a 2008040520 | ||
| 020 | _a0531207374 | ||
| 020 | _a9780531207376 | ||
| 040 |
_aDLC _cDLC _dDLC |
||
| 043 | _ae------ | ||
| 050 | 0 | 0 |
_aD 141 _b.P68 2009 |
| 100 | 1 |
_aPrice, Sean. _924062 |
|
| 245 | 1 | 0 |
_aAttila the Hun : _bleader of the barbarian hordes / _cSean Stewart Price. |
| 260 |
_aNew York : _bscholastic _c2009. |
||
| 300 |
_a128 p. : _bill. ; _c19 cm. |
||
| 490 | 0 | _aA wicked history | |
| 504 | _aIncludes bibliographical references (p. 128) and index. | ||
| 521 | _aG3 | ||
| 526 | _c930 | ||
| 600 | 0 | 0 |
_aAttila, _dd. 453 _924063 |
| 650 | 0 |
_aHuns. _924064 |
|
| 856 | 4 | 1 |
_3Table of contents only _uhttp://www.loc.gov/catdir/toc/ecip0828/2008040520.html |
| 906 |
_a7 _bcbc _corignew _d1 _eecip _f20 _gy-gencatlg |
||
| 942 |
_2lcc _cBK-SCHOLAS |
||
| 999 |
_c33719 _d33719 |
||